| 000 | 00632cam a22002293a 4500 | ||
|---|---|---|---|
| 001 | 32445 | ||
| 003 | PGUSA | ||
| 005 | 20140828083713.0 | ||
| 008 | 100520s2010||||xxu|||||s|||||000 p eng d | ||
| 040 |
_aPGUSA _beng |
||
| 042 | _adc | ||
| 050 | 4 | _aPR | |
| 100 | 1 | _aWorde, Wynkyn de | |
| 245 | 1 | 4 |
_aThe Pain and Sorrow of Evil Marriage _h[electronic resource] / _cWynkyn de Worde |
| 260 |
_bProject Gutenberg, _c2010 |
||
| 506 | _aPublic domain in the USA. | ||
| 516 | _aElectronic text | ||
| 653 | _aMarriage -- Poetry | ||
| 830 | 0 |
_aProject Gutenberg _v32445 |
|
| 856 | 4 | 0 | _uhttp://www.gutenberg.org/ebooks/32445 |
| 942 | _cEB | ||
| 999 |
_c261700 _d261700 |
||